000
00238nam a22000977a 4500
999
_c
516792
_d
516792
082
_a
TNC
100
_a
Negi, J.M.S.
_9
23505
245
_a
Tourism & hoteliering
_c
by J.M.S. Negi
260
_a
New Delhi
_b
Gitanjali Pub.
_c
1982
300
_a
439p.